000
00306nam a2200133Ia 4500
008
191201s2009 xx 000 0 und d
100
_a
BLACK,Rex
245
0
_a
Advanced Software Testing Vol-2
250
_a
Rep
260
_a
N.Delhi
_b
SPD
_c
2009
300
_a
547
650
_a
B.Tech(IT)
942
_2
ddc
_c
BK
999
_c
4348
_d
4348